Complex Flags - Statistics

General Stats
  • This quiz has been taken 12 times
  • The average score is 7 of 16
Answer Stats
Picture Answer % Correct
Turkmenistan
83%
Mexico
75%
Belize
67%
Bhutan
67%
Vatican City
67%
Venice
58%
St Pierre and Miquelon
42%
Austria-Hungary
33%
Michigan
33%
Pitcairn Islands
25%
Qing Dynasty
25%
South Georgia and the South Sandwich Islands
25%
Vermont
25%
Empire of Brazil
17%
Polish Lithuania
17%
Russian Empire
17%
No matching quizzes found
Score Distribution
Percent of People with Each Score
Percentile by Number Answered
Your Score History
You have not taken this quiz